|
|
|
|
| LEADER |
00000cam a2200000 7i4500 |
| 001 |
0000047662 |
| 005 |
20150521.0 |
| 008 |
150521 |
| 020 |
|
|
|a 8189093142
|
| 020 |
|
|
|a 9788189093143
|
| 090 |
0 |
0 |
|a 332.03
|b ILL
|
| 245 |
1 |
0 |
|a Illustrated dictionary of banking finance & accounting
|
| 260 |
|
|
|a New Delhi :
|b Lotus Press ,
|c 2011
|
| 650 |
|
0 |
|a Banks & banking
|x Dictionaries
|
| 650 |
|
0 |
|a Finance
|x Dictionaries
|
| 999 |
|
|
|a 0001349635
|b Book
|c Adult Collection
|e Cawangan Taman Sri Lambak
|
| 999 |
|
|
|a 0001349636
|b Book
|c Adult Collection
|e Cawangan Tmn. Ungku Tun Aminah
|
| 999 |
|
|
|a 0001349637
|b Book
|c Adult Collection
|e Cawangan Sri Merlong
|
| 999 |
|
|
|a 0001349640
|b Book
|c Adult Collection
|e Cawangan Bandar Tenggara
|
| 999 |
|
|
|a 0001349641
|b Book
|c Adult Collection
|e Cawangan Mersing
|
| 999 |
|
|
|a 0001349642
|b Book
|c Adult Collection
|e Cawangan Pontian
|
| 999 |
|
|
|a 0001349643
|b Book
|c Adult Collection
|e Cawangan Bandar Penawar
|
| 999 |
|
|
|a 0001349644
|b Book
|c Adult Collection
|e Cawangan Muar
|
| 999 |
|
|
|a 0001349645
|b Book
|c Adult Collection
|e Cawangan Tangkak
|
| 999 |
|
|
|a 0001349646
|b Book
|c Adult Collection
|e Cawangan Bukit Gambir
|
| 999 |
|
|
|a 0001349647
|b Book
|c Adult Collection
|e Cawangan Segamat
|
| 999 |
|
|
|a 0001351567
|b Book
|c Adult Collection
|e Perbadanan Perpustakaan Awam Johor
|
| 999 |
|
|
|a 0001351568
|b Book
|c Adult Collection
|e Cawangan Urban Transformation Centre
|